| 000 | 00705nam a22002297a 4500 | ||
|---|---|---|---|
| 005 | 20170124110049.0 | ||
| 010 | _aA-933773 | ||
| 020 |
_a8120312023 _c75.00 |
||
| 035 | _aA-933773 | ||
| 037 | _bCen Lib/Ret | ||
| 040 |
_aDPL _bEN |
||
| 082 |
_a658.15 _bMYD |
||
| 100 |
_aMyddelton, D.R. _925023 |
||
| 245 |
_aThe essence of financial management / _cby D.R. Myddelton |
||
| 260 |
_aNew Delhi _b Prentice Hall Of India Private Limited _c1997 |
||
| 270 |
_aM-97, Connought Circus _bNew Delhi _e110001 |
||
| 300 |
_axi,196p. _bill. _c22cm(Hb) |
||
| 500 | _aIncludes index. | ||
| 650 |
_aManagement _93072 |
||
| 650 |
_aManagement financial _925024 |
||
| 942 |
_2ddc _cEN _h658.15 _mMYD |
||
| 999 |
_c128986 _d128986 |
||